| 000 | 00868nam a22002777a 4500 | ||
|---|---|---|---|
| 999 |
_c1244 _d1244 |
||
| 003 | AR-CdUCM | ||
| 008 | 190226b ||||| |||| 00| 0 spa d | ||
| 040 |
_aMUNICIPALIDAD PROVINCIAL DEL CUSCO _cBIBLIOTECA MUNICIPAL DEL CUSCO |
||
| 082 |
_a848.9 / _bAU88 |
||
| 100 |
_aAub, Max _91502 |
||
| 245 |
_aNo / _cAub, Max |
||
| 260 |
_aMadrid, _bCuadernos para el dialogo, _c1969. |
||
| 300 |
_a119 paginas ; _c22cm. |
||
| 500 | _aTeatro | ||
| 505 | _aMax Aub -- Principales escritos -- Biografia -- No -- lista de Personajes... | ||
| 650 |
_aEnsayo _9274 |
||
| 650 |
_aTeatro _9173 |
||
| 650 |
_aEscenificación _94844 |
||
| 650 |
_aEspaña _9176 |
||
| 700 |
_aDel Amo, Alvaro _94845 |
||
| 700 |
_aBilbatua, Miguel _94846 |
||
| 700 |
_aPérez Estremera, Manuel _94847 |
||
| 700 |
_aRodriguez Sanz, Carlos _94848 |
||
| 942 |
_2ddc _cLIBROS |
||
| 945 |
_apjha _d2019-02-26 |
||